| 000 | 003510000a22001090004500 | ||
|---|---|---|---|
| 090 |
_aAS _bSeriadas |
||
| 245 | 1 | 0 | _aRecherches sur les ochnacées: VI. Sauvagesia paucielata sastre una especie nueva de Panama |
| 041 | 0 | _aEspañol | |
| 100 | 1 |
_aSastre, Claude _999193 |
|
| 942 | _cARTICULO | ||
| 773 | 1 |
_tMutisia: Acta Botánica Colombiana _3893 _h35 _q1-4 _d1971 |
|
| 999 |
_c15312 _d15312 |
||